000 00504nam a2200205Ia 4500
005 20240619101408.0
008 131103s9999 xx 000 0 und d
040 _aLoreto College
041 _aEnglish
082 _a613
_bEDG
100 _aEdge, Patricia
245 _aChild care management
_cPatricia Edge
260 _aLondon
_bFaber and Faber
_c[19?]
300 _a316p.
504 _aIncludes index
650 _aMedical science
651 _aChild health
850 _aLCBED
942 _cBK
999 _c30015
_d80494